[Event "Tourn. n8684"]
[Site "www.chess-mail.com"]
[Date "2016.07.16"]
[Round "1"]
[White "Conde7"]
[Black "Masteratches"]
[WhiteElo "2840"]
[BlackElo "2640"]
[Result "1-0"]
[Round "1"]
1.e4 e5
2.Ng1f3 Nb8c6
3.Bf1b5 a6
4.Bb5a4 Ng8f6
5.d3 d6
6.c3 g6
7.h3 Bf8g7
8.O-O O-O
9.Bc1e3 Rf8e8
10.Nb1d2 h6
11.Rf1e1 Bc8d7
12.Ba4b3 Qd8e7
13.d4 Nc6a5
14.Bb3c2 exd4
15.cxd4 c5
16.d5 b5
17.b3 Qe7d8
18.Ra1c1 Ra8c8
19.Be3f4 Qd8e7
20.Nd2f1 c4
21.Nf1g3 Na5b7
22.b4 Nf6h7
23.a3 a5
24.Nf3d4 Nh7f6
25.Bf4d2 h5
26.Nd4f3 Nf6h7
27.Ng3e2 Qe7d8
28.Ne2d4 a4
29.Bd2e3 Nh7f6
30.Be3g5 Qd8c7
31.Qd1d2 Nf6h7
32.Bg5h6 Bg7e5
33.Nd4e2 Nb7d8
34.Nf3d4 f6
35.Bh6e3 g5
36.Re1f1 Kh8
37.f4 gxf4
38.Ne2xf4 Re8g8
39.Qd2e2 Bd7e8
40.Nd4f5 Rc8b8
41.Kh1 Nh7f8
42.Be3d4 Nf8h7
43.Qe2e3 Be5xd4
44.Qe3xd4 Nd8f7
45.Bc2d1 Nf7e5
46.Bd1xh5 Be8xh5
47.Nf4xh5 Qc7b6
48.Qd4c3 Rb8b7
49.Rf1f4 Rg8g5
50.Rf4h4 Qb6f2
51.Rc1c2 Qf2f1
52.Kh2 Rg5xf5
53.exf5 Qf1xf5
54.Rc2e2 Rb7f7
55.Nh5f4 Kg8
56.Nf4e6 Qf5d3
57.Re2e3 Qd3xc3
58.Re3xc3 Ne5d3
59.Ne6d4 Rf7b7
60.Rh4g4 Kh8
61.Nd4xb5 { resign }
1-0

[Event "Tourn. n8806"]
[Site "www.chess-mail.com"]
[Date "2016.07.16"]
[Round "1"]
[White "Sportuga"]
[Black "Nulladies"]
[WhiteElo "1499"]
[BlackElo "1739"]
[Result "1-0"]
[Round "1"]
1.e4 c5
2.Ng1f3 g6
3.c3 Bf8g7
4.g3 Nb8c6
5.Bf1g2 d6
6.O-O Ng8f6
7.d3 e5
8.Bc1g5 h6
9.Bg5e3 O-O
10.h3 Qd8b6
11.b3 Bc8d7
12.Nb1d2 Nf6e8
13.Qd1c1 f5
14.Nd2c4 Qb6c7
15.Be3xh6 Ne8f6
16.Bh6xg7 Kxg7
17.exf5 Bd7xf5
18.Qc1d1 d5
19.Nc4e3 Ra8d8
20.Ne3xf5 gxf5
21.Rf1e1 e4
22.Nf3g5 Rf8e8
23.dxe4 dxe4
24.Qd1c2 Nc6e5
25.c4 Ne5d3
26.Re1e2 Nd3b4
27.Qc2b2 Kg6
28.h4 Qc7e5
29.Qb2b1 Rd8d7
30.a3 Nb4c6
31.Ra1a2 Nf6h7
32.Ng5xe4 Re8d8
33.Kh2 Rd7d1
34.Qb1c2 Nc6d4
35.Qc2b2 fxe4
36.Bg2xe4 Kf6
37.f4 Qe5d6
38.Be4xh7 Kf7
39.Re2f2 b6
40.Ra2a1 Rd1d3
41.Bh7xd3 Qd6f6
42.Ra1a2 Rd8e8
43.Rf2e2 Nd4f3
44.Kh1 Qf6xb2
45.Ra2xb2 Re8d8
46.Re2e3 Nf3d4
47.b4 { resign }
1-0

[Event "Tourn. n8862"]
[Site "www.chess-mail.com"]
[Date "2016.07.16"]
[Round "1"]
[White "Estonia"]
[Black "Kampungboy"]
[WhiteElo "2010"]
[BlackElo "2220"]
[Result "0-1"]
[Round "1"]
1.d4 f5
2.c4 Ng8f6
3.Nb1c3 e6
4.Bc1g5 Bf8e7
5.Bg5xf6 Be7xf6
6.e3 O-O
7.Qd1b3 d6
8.Ng1f3 a6
9.Bf1e2 Qd8e8
10.O-O Nb8d7
11.Ra1c1 g5
12.Nf3d2 g4
13.g3 b6
14.d5 e5
15.e4 Nd7c5
16.Qb3c2 f4
17.Rf1e1 a5
18.Nc3b5 Qe8f7
19.Be2f1 Bf6g5
20.Nd2b3 fxg3
21.hxg3 Nc5xb3
22.axb3 Bg5xc1
23.Re1xc1 Bc8a6
24.Nb5c3 h5
25.Qc2d2 Qf7f6
26.Nc3d1 h4
27.gxh4 Qf6xh4
28.Rc1c3 Rf8f3
29.Bf1g2 Ra8f8
30.Rc3xf3 gxf3
31.Qd2e3 Qh4g4
{ resign }
0-1

[Event "Tourn. n8808"]
[Site "www.chess-mail.com"]
[Date "2016.07.16"]
[Round "1"]
[White "Llcervello"]
[Black "Guzenko"]
[WhiteElo "1660"]
[BlackElo "1840"]
[Result "0-1"]
[Round "1"]
1.e4 e5
2.d3 Nb8c6
3.c3 Ng8f6
4.f3 Bf8e7
5.Ng1e2 d5
6.Ne2g3 dxe4
7.fxe4 h6
8.Qd1f3 Bc8g4
9.Qf3e3 Nf6h7
10.h3 Be7g5
11.Qe3f2 Bg5xc1
12.hxg4 g6
13.b4 Bc1g5
14.Nb1a3 Nh7f6
15.Ra1d1 Nf6xg4
16.Qf2c5 Bg5e3
17.Qc5d5 Qd8f6
18.Rd1d2 Be3xd2
19.Kxd2 Qf6f4
20.Ke1 Qf4f2
21.Kd1 Ng4e3
22.Kc1 Ne3xd5
23.Ng3e2 Nd5e3
24.Na3b5 Qf2e1
25.Kb2 Qe1d2
26.Kb3 Qd2c2
27.Ka3 Kd8
28.c4 a5
29.Rh1h3 axb4
{ resign }
0-1

[Event "Tourn. n8842"]
[Site "www.chess-mail.com"]
[Date "2016.07.16"]
[Round "1"]
[White "Johnmcbride"]
[Black "Kampungboy"]
[WhiteElo "1900"]
[BlackElo "2110"]
[Result "0-1"]
[Round "1"]
1.d4 Ng8f6
2.Ng1f3 c5
3.e3 g6
4.c3 b6
5.Bf1d3 Bf8g7
6.O-O O-O
7.h3 Bc8b7
8.b3 d6
9.a4 a5
10.Nf3d2 Nb8d7
11.Nd2c4 Qd8c8
12.Ra1a2 Qc8c6
13.f3 d5
14.Nc4e5 Nd7xe5
15.dxe5 Nf6h5
16.f4 c4
17.bxc4 dxc4
18.Bd3e2 Qc6xg2

0-1

[Event "Tourn. n8859"]
[Site "www.chess-mail.com"]
[Date "2016.07.16"]
[Round "1"]
[White "Daquata"]
[Black "Cardiff"]
[WhiteElo "1880"]
[BlackElo "1770"]
[Result "1-0"]
[Round "1"]
1.e4 c6
2.d4 d5
3.Nb1c3 dxe4
4.Nc3xe4 Ng8f6
5.Bf1d3 Nf6xe4
6.Bd3xe4 Nb8d7
7.Ng1f3  { time }
1-0

[Event "Match"]
[Site "www.echecsemail.com"]
[Date "2016.07.16"]
[Round "1"]
[White "Pariolinius"]
[Black "Darknight"]
[WhiteElo "1720"]
[BlackElo "1710"]
[Result "1-0"]
[Round "1"]
1.c4 d6
2.Nb1c3 Bc8e6
3.e4 c6
4.Ng1f3 h6
5.d4 Be6g4
6.Bf1e2 e6
7.O-O Nb8d7
8.Bc1f4 g5
9.Bf4g3 Bg4h5
10.Qd1c2 Ng8f6
11.Ra1d1 Qd8e7
12.b4 Bf8g7
13.e5 dxe5
14.dxe5 Nf6h7
15.c5 O-O-O
16.Nc3e4 Kb8
17.Ne4d6 g4
18.Nf3d2 a6
19.Nd2c4 Bh5g6
20.Qc2a4 h5
21.Bg3f4 Bg6f5
22.Qa4a5 Rd8g8
23.Nc4b6 Nd7xb6
24.Qa5xb6 h4
25.Be2xa6 Rg8d8
26.Ba6xb7 Rd8xd6
27.Bb7xc6 Kc8
28.exd6 Qe7d7
29.Bc6xd7 Kxd7
30.Qb6c7 Ke8
31.Qc7e7 
1-0

[Event "Match"]
[Site "www.echecsemail.com"]
[Date "2016.07.16"]
[Round "1"]
[White "Bronstein70"]
[Black "Xavier"]
[WhiteElo "999"]
[BlackElo "1499"]
[Result "1-0"]
[Round "1"]
1.e4 c5
2.f4 e5
3.Ng1f3 exf4
4.Bf1c4 d6
5.d4 g5
6.O-O Bf8e7
7.Nb1c3 Nb8c6
8.Nc3d5 Bc8g4
9.dxc5 Bg4xf3
10.Qd1xf3 Nc6e5
11.Bc4b5  { time }
1-0

[Event "Match"]
[Site "www.echecsemail.com"]
[Date "2016.07.16"]
[Round "1"]
[White "Cardiff"]
[Black "Ericleo1980"]
[WhiteElo "1600"]
[BlackElo "2230"]
[Result "0-1"]
[Round "1"]
1.e4 c5
2.Ng1f3 d6
3.Bf1b5 Bc8d7
4.Bb5xd7 Nb8xd7
5.d4 cxd4
6.Nf3xd4 Ng8f6
7.Nb1c3 a6
8.O-O g6
9.Bc1e3 Bf8g7
10.f3 O-O
11.Qd1d2 Nd7e5
12.Qd2e2 Ra8c8
13.Nc3d1 Ne5c4
14.Be3f2 Qd8a5
15.c3 Qa5h5
16.b3 Nc4e5
17.c4 Rc8c7
18.Nd1b2 Rf8c8
19.Nb2d3 Ne5xd3
20.Qe2xd3 Nf6d7
21.Ra1d1 Nd7c5
22.Qd3e2 Rc8f8
23.Nd4c2 f5
24.exf5 Qh5xf5
25.Nc2e3 Qf5g5
26.Ne3d5 Rc7c8
27.Nd5xe7 Kh8
28.Ne7xc8 Rf8xc8
29.Bf2xc5 Qg5xc5
30.Kh1 Qc5h5
31.h3 Bg7e5
32.Qe2e4 Rc8f8
33.Rd1d5 Qh5h6
34.Rd5xe5 dxe5
35.Qe4xe5 Qh6g7
36.Rf1e1 Qg7xe5
37.Re1xe5 Rf8f7
38.Kg1 Kg7
39.Kf2 Rf7d7
40.Ke3 Kf6
41.f4 Rd7d1
42.Re5d5 Rd1a1
43.a4 Ra1b1
44.Rd5d3 Rb1g1
45.Kf2 Rg1b1
46.Rd3c3 Kf5
 { time }
0-1

[Event "Match"]
[Site "www.echecsemail.com"]
[Date "2016.07.16"]
[Round "1"]
[White "Pare123"]
[Black "Ztornad"]
[WhiteElo "2000"]
[BlackElo "1780"]
[Result "1-0"]
[Round "1"]
1.c4 c5
2.Nb1c3 g6
3.d4 Bf8g7
4.e3 e5
5.dxc5 Nb8c6
6.a3 Qd8e7
7.Bf1d3 e4
8.Nc3xe4 Ng8f6
9.Ne4d6 Kf8
10.Ng1e2 Nf6g4
11.h3 Ng4e5
12.Bd3e4 a5
13.f4 Ne5xc4
14.Be4xc6 bxc6
15.Nd6xc4 Qe7xc5
16.Qd1d6 Qc5xd6
17.Nc4xd6 Bc8a6
18.Kf2 f5
19.Rh1d1 Ra8b8
20.Ra1b1 h5
21.b4 a4
22.Bc1b2 Bg7xb2
23.Rb1xb2 Rh8h7
24.Ne2c3 c5
25.b5 Ba6b7
26.Nc3xa4 Rb8a8
27.Na4b6 Ra8xa3
28.Nd6xb7 d5
29.Nb7xc5 h4
30.Rd1xd5 Rh7a7
31.Rb2d2 Ra3a2
32.Nc5a6 Ra2xd2
33.Rd5xd2 Ra7e7
34.Na6c5 Re7c7
35.Nc5e6 Ke7
36.Ne6xc7 Kf6
37.Rd2d7 g5
38.Nb6d5 Kg6
39.fxg5 Kxg5
40.Nc7e6 Kg6
41.Ne6f4 Kh6
42.Rd7d6 Kg7
43.Rd6f6 Kg8
44.Nd5e7 Kg7
45.Nf4h5 Kh7
46.Rf6g6 f4
47.exf4 Kh8
48.Rg6h6 
1-0

[Event "Match"]
[Site "www.echecsemail.com"]
[Date "2016.07.16"]
[Round "1"]
[White "Xavier"]
[Black "Crazyhorse"]
[WhiteElo "1499"]
[BlackElo "1469"]
[Result "0-1"]
[Round "1"]
1.e4 d5
2.exd5 Ng8f6
3.c4 Bc8g4
4.Bf1e2 Bg4f5
5.Ng1f3 e6
6.dxe6 Bf5xe6
7.d4 Bf8b4
8.Bc1d2 Bb4xd2
9.Nb1xd2 O-O
10.O-O Be6g4
11.Qd1c2 Rf8e8
12.Ra1e1 Nb8c6
13.h3 Bg4xf3
14.Nd2xf3 Nc6xd4
15.Nf3xd4 c5
16.Nd4f5 Nf6e4
17.Re1d1 Qd8f6
 { time }
0-1

[Event "Match"]
[Site "www.echecsemail.com"]
[Date "2016.07.16"]
[Round "1"]
[White "Genius2"]
[Black "Wwgia"]
[WhiteElo "2070"]
[BlackElo "2060"]
[Result "0-1"]
[Round "1"]
1.d4 Ng8f6
2.Bc1g5 g6
3.Bg5xf6 exf6
4.g3 Bf8g7
5.Bf1g2 O-O
6.Ng1f3 f5
7.O-O c5
8.c3 Nb8c6
9.dxc5 a5
10.Nf3d4 Qd8e7
11.Nd4xc6 dxc6
12.Qd1c2 Qe7xc5
13.Nb1d2 Bc8e6
14.Nd2b3 Qc5b6
15.Ra1d1 a4
16.Nb3c1 Rf8e8
17.b3 axb3
18.axb3 Ra8a1
19.c4 Re8a8
20.Nc1d3 Ra1a2
21.Qc2b1 h5
 { time }
0-1

[Event "Match"]
[Site "www.echecsemail.com"]
[Date "2016.07.16"]
[Round "1"]
[White "Pimpampum"]
[Black "Glenno"]
[WhiteElo "2190"]
[BlackElo "2400"]
[Result "1/2-1/2"]
[Round "1"]
1.e4 e5
2.Ng1f3 Nb8c6
3.Bf1b5 a6
4.Bb5xc6 dxc6
5.h3 Ng8f6
6.d3 Bf8d6
7.O-O h6
8.Nb1c3 O-O
9.Nc3e2 b5
10.Ne2g3 Bc8b7
11.Ng3f5 Bb7c8
12.Nf3h4 Bd6e7
13.Nf5xe7 Qd8xe7
14.Qd1e1 g5
15.Nh4f3 Nf6d7
16.Bc1d2 c5
17.a4 c6
18.Qe1c1 f5
19.exf5 Rf8xf5
20.Bd2c3 b4
21.Bc3e1 Nd7f6
22.Nf3d2 Bc8e6
23.b3 Nf6d5
24.Nd2e4 Ra8d8
25.Be1d2 Nd5f4
26.Bd2xf4 gxf4
27.f3 Qe7d7
28.Qc1e1 Qd7d4
29.Qe1f2 Rd8d5
30.Ra1b1 Kg7
31.Kh2 Rf5h5
32.Kg1 a5
33.Kh2 Kf7
34.Kg1 Be6d7
35.Kh2 { draw }
1/2-1/2

[Event "Match"]
[Site "www.echecsemail.com"]
[Date "2016.07.16"]
[Round "1"]
[White "Darknight"]
[Black "Whitekknight"]
[WhiteElo "1710"]
[BlackElo "1920"]
[Result "0-1"]
[Round "1"]
1.e4 e5
2.Ng1f3 d6
3.h3 Nb8c6
4.c3 Ng8f6
5.d3 h6
6.g4 g5
7.Bc1e3 Bf8g7
8.Nb1d2 Bc8e6
9.Qd1e2 d5
10.O-O-O O-O
11.Bf1g2 dxe4
12.dxe4 Qd8e7
13.Rd1g1 Nf6h7
14.Kb1 Rf8d8
15.a3 a6
16.Bg2f1 b5
17.h4 f6
18.hxg5 fxg5
19.Nf3e1 Rd8d7
20.f3 Ra8f8
21.Qe2h2 Rf8f6
22.Be3xg5 Nh7xg5
23.Bf1d3 Qe7f7
24.f4 exf4
25.Ne1f3 Ng5xf3
26.Nd2xf3 Rd7xd3
27.Rg1f1 Be6xg4
28.Nf3d2 Rd3h3
29.Qh2g2 Rh3xh1
30.Rf1xh1 h5
31.Nd2f3 Bg4xf3
32.Qg2xf3 Nc6e5
33.Qf3d1 Rf6d6
34.Qd1e2 f3
35.Qe2h2 Ne5c4
36.Qh2f2 Rd6d2
37.Qf2h4 Rd2xb2
38.Kc1 Bg7h6
39.Kd1 Qf7d7
40.Ke1 Qd7d2
41.Kf1 Nc4e3
{ resign }
0-1

[Event "Match"]
[Site "www.echecsemail.com"]
[Date "2016.07.16"]
[Round "1"]
[White "Gilliere"]
[Black "Llord"]
[WhiteElo "2050"]
[BlackElo "1900"]
[Result "1-0"]
[Round "1"]
1.e4 Nb8c6
2.Nb1c3 Ng8f6
3.Ng1f3 e5
4.Bf1e2 Bf8c5
5.O-O O-O
6.d3 d6
7.Bc1g5 h6
8.Bg5xf6 Qd8xf6
9.Nc3d5 Bc5b6
10.Nd5xf6 { resign }
1-0

[Event "Match"]
[Site "www.echecsemail.com"]
[Date "2016.07.16"]
[Round "1"]
[White "Mrmoto"]
[Black "Jhzes"]
[WhiteElo "1650"]
[BlackElo "1840"]
[Result "0-1"]
[Round "1"]
1.e4 e5
2.Ng1f3 Nb8c6
3.Bf1b5 a6
4.Bb5a4 Bf8c5
5.Nf3xe5 Qd8h4
6.g3 Qh4xe4
7.Qd1e2 Qe4xh1
8.Qe2f1 Qh1xf1
9.Kxf1 Nc6xe5
{ resign }
0-1

[Event "1/64 Finale"]
[Site "www.chess-mail.com"]
[Date "2016.07.16"]
[Round "1"]
[White "Sik"]
[Black "Attatroll"]
[WhiteElo "1930"]
[BlackElo "1910"]
[Result "0-1"]
[Round "1"]
1.c4 e5
2.Nb1c3 Ng8f6
3.g3 d6
4.Bf1g2 c6
5.e4 Bf8e7
6.d3 O-O
7.Ng1e2 Bc8g4
8.Qd1c2 Qd8b6
9.Bc1e3 Qb6c7
 { time }
0-1

[Event "Tourn. n8777"]
[Site "www.chess-mail.com"]
[Date "2016.07.17"]
[Round "1"]
[White "Taxrama"]
[Black "Claudia"]
[WhiteElo "1659"]
[BlackElo "1810"]
[Result "0-1"]
[Round "1"]
1.e4 c5
2.Nb1c3 Nb8c6
3.Ng1f3 d6
4.h3 e6
5.Bf1b5 Bc8d7
6.Bb5xc6 Bd7xc6
7.d3 Ng8f6
8.O-O Bf8e7
9.Bc1d2 O-O
10.Rf1e1 Qd8c7
11.a3 a6
12.Ra1b1 b5
13.b4 cxb4
14.axb4 Rf8c8
15.Bd2f4 Bc6b7
16.Rb1b3 h6
17.h4 Nf6d7
18.Qd1c1 Be7f6
19.d4 Nd7b6
20.Bf4xh6 gxh6
 { time }
0-1

[Event "Tourn. n8757"]
[Site "www.chess-mail.com"]
[Date "2016.07.17"]
[Round "1"]
[White "Tartan"]
[Black "Jpmartinez"]
[WhiteElo "2340"]
[BlackElo "2580"]
[Result "0-1"]
[Round "1"]
1.d4 d5
2.Ng1f3 Ng8f6
3.e3 e6
4.Bf1d3 c5
5.c3 Nb8c6
6.Nb1d2 Bf8d6
7.O-O O-O
8.dxc5 Bd6xc5
9.e4 Qd8c7
10.Qd1e2 b6
11.e5 Nf6g4
12.Bd3xh7 Kxh7
13.Nf3g5 Kg8
14.Qe2xg4 Qc7xe5
15.Nd2f3 Qe5f6
16.Qg4h5 Qf6h6
17.Qh5xh6 gxh6
18.Ng5h3 Kh7
19.Nh3f4 Bc8a6
20.Rf1e1 d4
21.b4 Bc5d6
22.Ra1b1 e5
23.b5 exf4
24.cxd4 Bd6b4
25.bxc6 Bb4xe1
26.Nf3xe1 Ra8c8
{ resign }
0-1

[Event "Tourn. n8804"]
[Site "www.chess-mail.com"]
[Date "2016.07.17"]
[Round "1"]
[White "Genius9"]
[Black "Fabos12"]
[WhiteElo "1840"]
[BlackElo "1860"]
[Result "0-1"]
[Round "1"]
1.Ng1f3 d5
2.d4 Nb8c6
3.Bc1f4 f6
4.e3 Bc8g4
5.Bf1e2 Bg4xf3
6.Be2xf3 Qd8d7
7.O-O O-O-O
8.c3 e5
9.dxe5 fxe5
10.Bf3g4 exf4
11.Bg4xd7 Rd8xd7
12.exf4 Ng8f6
13.Rf1e1 Bf8c5
14.Nb1d2 Rh8f8
 { time }
0-1

[Event "Tourn. n8821"]
[Site "www.chess-mail.com"]
[Date "2016.07.17"]
[Round "1"]
[White "Tartan"]
[Black "Faerieking"]
[WhiteElo "2350"]
[BlackElo "2240"]
[Result "1-0"]
[Round "1"]
1.d4 d5
2.c4 c6
3.Ng1f3 Ng8f6
4.Nb1c3 dxc4
5.a4 Bc8f5
6.e3 e6
7.Bf1xc4 Nb8d7
8.O-O Bf8d6
9.Qd1e2 Bd6c7
10.e4 Bf5g6
11.e5 Nf6d5
12.Bc1g5 Qd8c8
13.Bc4xd5 cxd5
14.Nf3h4 O-O
15.Nc3b5 Bc7a5
16.Nh4xg6 hxg6
17.Bg5e7 Rf8e8
18.Nb5d6 { resign }
1-0

[Event "Tourn. n8852"]
[Site "www.chess-mail.com"]
[Date "2016.07.17"]
[Round "1"]
[White "Ditto"]
[Black "Cardiff"]
[WhiteElo "1830"]
[BlackElo "1770"]
[Result "1-0"]
[Round "1"]
1.e4 d6
2.Bf1c4 e5
3.Ng1f3 Bf8e7
4.d3 Ng8f6
5.O-O O-O
6.Bc1e3 Nb8c6
7.Nb1c3 Bc8g4
8.Nc3b1  { time }
1-0

[Event "Tourn. n8748"]
[Site "www.chess-mail.com"]
[Date "2016.07.17"]
[Round "1"]
[White "Ffdd65"]
[Black "Andychesston"]
[WhiteElo "2220"]
[BlackElo "2040"]
[Result "1-0"]
[Round "1"]
1.e4 e5
2.Ng1f3 Nb8c6
3.Bf1b5 d6
4.O-O Bc8g4
5.h3 Bg4h5
6.c3 a6
7.Bb5e2 Ng8f6
8.Nf3h2 Bh5g6
9.d3 Bf8e7
10.f4 h6
11.Bc1e3 O-O
12.f5 Bg6h7
13.Rf1f3 d5
14.Rf3g3 Kh8
15.Nb1d2 Rf8g8
16.Nh2g4 Nf6h5
17.Rg3f3 f6
18.Nd2f1 dxe4
19.dxe4 Qd8xd1
20.Ra1xd1 Ra8d8
21.Be3d2 Be7c5
22.Kh2 Nh5f4
23.Bd2xf4 Rd8xd1
24.Be2xd1 Rg8d8
25.Bf4d2 b5
26.b4 Bc5b6
27.Bd1c2 h5
28.Ng4e3 Nc6e7
29.Bc2b3 c5
30.Ne3d5 Ne7xd5
31.Bb3xd5 c4
32.Nf1g3 g6
33.fxg6 h4
34.gxh7 hxg3
35.Kxg3 Kxh7
36.Rf3xf6 Bb6g1
37.Bd2h6 Rd8d7
38.Rf6xa6 { resign }
1-0

[Event "Tourn. n8773"]
[Site "www.chess-mail.com"]
[Date "2016.07.17"]
[Round "1"]
[White "Pimpampum"]
[Black "Comrade"]
[WhiteElo "2140"]
[BlackElo "2190"]
[Result "1-0"]
[Round "1"]
1.e4 c5
2.c3 d6
3.d4 cxd4
4.cxd4 Ng8f6
5.Nb1c3 g6
6.Ng1f3 Bc8g4
7.Bf1e2 Nb8d7
8.O-O Bf8g7
9.h3 Bg4xf3
10.Be2xf3 O-O
11.Bc1e3 e6
12.Ra1c1 Ra8c8
13.Nc3b5 Rc8xc1
14.Qd1xc1 Qd8e7
15.Qc1c7 a6
16.Qc7xd6 Qe7xd6
17.Nb5xd6 b5
18.Rf1c1 Nf6e8
19.Nd6b7 Ne8f6
20.Rc1c6 Nd7b8
21.Rc6c7 Nf6d7
22.Kf1 Nd7b6
23.b3 Rf8c8
24.Be3f4 Rc8xc7
25.Bf4xc7 Nb8d7
26.d5 e5
27.Ke2 f5
28.Kd3 Bg7f8
29.Kc3 Nd7c5
30.Nb7xc5 Bf8xc5
31.Bc7xe5 Nb6d7
32.Be5d4 Bc5d6
33.a4 b4
34.Kc4 Kf7
35.exf5 gxf5
36.Bf3h5 Ke7
37.Bh5e2 Bd6c7
38.Kxb4 { resign }
1-0

[Event "Tourn. n8859"]
[Site "www.chess-mail.com"]
[Date "2016.07.17"]
[Round "1"]
[White "Gatrooper"]
[Black "Bichoraro92"]
[WhiteElo "1610"]
[BlackElo "1719"]
[Result "0-1"]
[Round "1"]
1.e4 e5
2.a3 Bf8c5
3.d3 Nb8c6
4.Bc1e3 Bc5xe3
5.fxe3 d6
6.d4 Qd8h4
7.g3 Qh4xe4
8.Ng1f3 Qe4xe3
9.Bf1e2 Bc8g4
10.Rh1f1 e4
11.Qd1d2 Qe3xd2
12.Nf3xd2 Bg4xe2
13.Kxe2 Nc6xd4
14.Kd1 d5
15.Nb1c3 c6
16.Nc3e2 Nd4xe2
17.Kxe2 Ng8e7
18.Rf1f4 Ne7g6
19.Rf4f1 O-O
20.Ra1e1 f5
21.g4 fxg4
22.Rf1xf8 Ra8xf8
23.Kd1 Ng6e5
24.Re1g1 Rf8f2
25.Nd2f1 h5
26.Nf1e3 g6
27.Rg1h1 d4
28.Ne3f1 e3
29.Ke1 Kf7
30.Nf1g3 Ne5f3
31.Kd1 Rf2xh2
32.Rh1f1 Rh2g2
33.Ng3e2 c5
34.a4 c4
35.b4 d3
36.cxd3 cxd3
37.Ne2f4 Rg2a2
38.Nf4xd3 Ra2d2
39.Kc1 Rd2xd3
40.Kc2 Rd3d2
41.Kc3 e2
42.Rf1h1 Rd2d1
43.Rh1xd1 exd1Q
{ resign }
0-1

[Event "Tourn. n8859"]
[Site "www.chess-mail.com"]
[Date "2016.07.17"]
[Round "1"]
[White "Cardiff"]
[Black "Nulladies"]
[WhiteElo "1770"]
[BlackElo "1750"]
[Result "0-1"]
[Round "1"]
1.d4 Ng8f6
2.c4 e6
3.Ng1f3 c5
4.e3 d5
5.cxd5 exd5
6.Nb1c3 Nb8c6
7.dxc5 Bf8xc5
8.Bf1e2 O-O
9.O-O Rf8e8
 { time }
0-1

[Event "Tourn. n8831"]
[Site "www.chess-mail.com"]
[Date "2016.07.17"]
[Round "1"]
[White "Falcoale"]
[Black "Cal"]
[WhiteElo "1520"]
[BlackElo "1650"]
[Result "0-1"]
[Round "1"]
1.e4 e5
2.Ng1f3 d6
3.Bf1c4 Nb8c6
4.O-O h6
5.Nb1c3 Ng8f6
6.d4 exd4
7.Nc3d5 Bc8g4
8.h3 Bg4xf3
9.Qd1xf3 Bf8e7
10.c3 a6
11.Rf1d1 Nc6e5
12.Nd5xf6 Be7xf6
13.Qf3e2 c6
14.cxd4 Ne5g6
15.e5 Bf6e7
16.f4 d5
17.Bc4b3 O-O
18.f5 Ng6h4
19.Qe2g4 { time. }
0-1

[Event "Tourn. n8748"]
[Site "www.chess-mail.com"]
[Date "2016.07.17"]
[Round "1"]
[White "Derfel83"]
[Black "Andychesston"]
[WhiteElo "2010"]
[BlackElo "2040"]
[Result "1-0"]
[Round "1"]
1.e4 e5
2.d4 exd4
3.c3 dxc3
4.Bf1c4 Qd8f6
5.Nb1xc3 Bf8b4
6.Bc1d2 Bb4c5
7.Ng1f3 Nb8c6
8.O-O Nc6e5
9.Nf3xe5 Qf6xe5
10.Ra1c1 Ng8f6
11.Rf1e1 O-O
12.Qd1f3 d6
13.Nc3d5 c6
14.Bd2c3 Bc5d4
15.Nd5xf6 Qe5xf6
16.Qf3xf6 Bd4xf6
17.Bc3xf6 gxf6
18.Re1d1 Rf8d8
19.Rc1c3 Bc8e6
20.Bc4b3 Kh8
21.f4 Be6xb3
22.Rc3xb3 b6
23.Rb3d3 f5
24.Rd3xd6 Rd8xd6
25.Rd1xd6 fxe4
26.Kf2 c5
27.Ke3 f5
28.Rd6f6 Ra8d8
29.Rf6xf5 Rd8d1
30.Kxe4 Rd1d2
31.Rf5f7 a5
32.Rf7b7 Rd2xb2
33.g4 b5
34.f5 a4
35.f6 Rb2e2
36.Kd5 Kg8
37.Kxc5 Re2xa2
38.Kd6 Ra2d2
39.Ke7 Rd2e2
40.Kd6 Re2e8
41.f7 Kf8
42.fxe8Q Kxe8
43.Rb7xb5 { resign }
1-0

[Event "Tourn. n8852"]
[Site "www.chess-mail.com"]
[Date "2016.07.17"]
[Round "1"]
[White "Cardiff"]
[Black "Daquata"]
[WhiteElo "1770"]
[BlackElo "1850"]
[Result "0-1"]
[Round "1"]
1.Ng1f3 d5
2.d4 Ng8f6
3.Bc1g5 e6
4.e3 Bf8e7
5.Nb1d2 O-O
6.Bf1d3 h6
7.Bg5xf6 Be7xf6
8.O-O c5
 { time }
0-1

[Event "Match"]
[Site "www.echecsemail.com"]
[Date "2016.07.17"]
[Round "1"]
[White "Xavier"]
[Black "Iko"]
[WhiteElo "1499"]
[BlackElo "1640"]
[Result "0-1"]
[Round "1"]
1.d4 d5
2.c4 dxc4
3.e4 e5
4.d5 b5
5.Ng1f3 Bf8b4
6.Bc1d2 Bb4xd2
7.Nb1xd2 Bc8g4
8.Bf1e2 Bg4xf3
9.Be2xf3 Ng8f6
10.O-O Nb8a6
 { time }
0-1

[Event "1/32 Finale"]
[Site "www.chess-mail.com"]
[Date "2016.07.17"]
[Round "1"]
[White "Claudia"]
[Black "Jose"]
[WhiteElo "1709"]
[BlackElo "2750"]
[Result "0-1"]
[Round "1"]
1.d4 Ng8f6
2.c4 g6
3.Nb1c3 Bf8g7
4.e4 d6
5.h3 O-O
6.Bc1g5 c5
7.d5 e6
8.Bf1d3 exd5
9.exd5 Nb8d7
10.Ng1f3 Rf8e8
11.Bg5e3 Bg7h6
12.O-O Bh6xe3
13.fxe3 Re8xe3
14.Qd1d2 Re3e7
15.Qd2h6 a6
16.Qh6f4 Nf6e8
17.g4 b5
18.cxb5 axb5
19.Bd3xb5 Bc8a6
20.Bb5xa6 Ra8xa6
21.Ra1e1 Ne8f6
22.a3 Kg7
23.Re1xe7 Qd8xe7
24.Rf1e1 Qe7d8
25.Re1f1 h6
26.Nf3d2 Nd7e5
27.Nd2f3 Nf6d7
28.Nf3xe5 Nd7xe5
29.a4 Ra6a8
30.Kh1 Qd8e7
31.Nc3b5 c4
32.Nb5c3 Ne5d3
33.Qf4d4 Qe7e5
34.Qd4xe5 dxe5
35.Rf1a1 Ra8a5
36.Ra1b1 Nd3c5
37.Rb1e1 Kf6
38.Kg2 Ra5a8
39.Kf3 Nc5xa4
 { time }
0-1

[Event "Tourn. n8864"]
[Site "www.chess-mail.com"]
[Date "2016.07.18"]
[Round "1"]
[White "Conde7"]
[Black "Raven16"]
[WhiteElo "2830"]
[BlackElo "2240"]
[Result "1-0"]
[Round "1"]
1.e4 e5
2.Ng1f3 Nb8c6
3.Bf1b5 a6
4.Bb5a4 Ng8f6
5.d3 b5
6.Ba4b3 Bf8c5
7.Nb1c3 d6
8.Nc3d5 h6
9.Bc1e3 Bc5xe3
10.Nd5xf6 Qd8xf6
11.fxe3 O-O
12.Bb3d5 Bc8d7
13.O-O Ra8b8
14.Bd5xc6 Bd7xc6
15.Nf3d4 Qf6xf1
16.Qd1xf1 exd4
17.exd4 Bc6d7
18.Qf1e1 b4
19.a3 b3
20.c4 Rb8b7
21.Qe1a5 Rf8a8
22.Qa5d5 Ra8b8
23.Ra1f1 Bd7e8
24.Rf1f3 Rb7b6
25.e5 dxe5
26.Qd5xe5 c6
27.Rf3g3 g6
28.d5 cxd5
29.c5 Rb6b5
30.Qe5xd5 Kg7
31.a4 Rb5b4
32.c6 Rb8c8
33.c7 Rb4b7
34.Qd5xb7 { resign }
1-0

[Event "Tourn. n8794"]
[Site "www.chess-mail.com"]
[Date "2016.07.18"]
[Round "1"]
[White "Ditto"]
[Black "Esperanza"]
[WhiteElo "1700"]
[BlackElo "1819"]
[Result "0-1"]
[Round "1"]
1.e4 e6
2.Bf1c4 d5
3.exd5 exd5
4.Bc4e2 Ng8f6
5.d4 Bf8d6
6.Ng1f3 O-O
7.c3 c6
8.Bc1g5 h6
9.Bg5e3 Bc8f5
10.O-O Nb8d7
11.Nb1d2 Rf8e8
12.Qd1b3 Qd8c7
13.c4 Bd6f4
14.cxd5 Nf6xd5
15.Be2c4 Bf4xe3
16.fxe3 Re8xe3
17.Ra1c1 Re3xb3
18.Nd2xb3 Nd5e3
19.Rf1e1 Ne3xc4
20.Rc1xc4 Nd7b6
21.Rc4c3 Nb6d5
22.Rc3c1 Nd5b4
23.a3 Nb4d3
24.Nb3c5 Nd3xe1
25.Rc1xe1 b6
26.Nc5b3 Bf5e6
27.Nb3d2 Be6d5
28.Nf3e5 Ra8e8
29.Re1f1 f6
30.Ne5g4 Re8e2
31.Nd2f3 Re2xb2
32.Nf3h4 Rb2a2
33.Nh4g6 Ra2xg2
34.Kh1 Rg2xg4
{ resign }
0-1

[Event "Tourn. n8794"]
[Site "www.chess-mail.com"]
[Date "2016.07.18"]
[Round "1"]
[White "Avg"]
[Black "Ditto"]
[WhiteElo "1840"]
[BlackElo "1700"]
[Result "0-1"]
[Round "1"]
1.f4 d5
2.Ng1f3 Ng8f6
3.g3 Bc8g4
4.Bf1g2 e6
5.Nf3e5 Bg4f5
6.c4 Bf8c5
7.d4 Bc5d6
8.O-O dxc4
9.Bg2xb7 Nb8d7
10.Ne5c6 O-O
 { time }
0-1

[Event "Tourn. n8852"]
[Site "www.chess-mail.com"]
[Date "2016.07.18"]
[Round "1"]
[White "Cardiff"]
[Black "Jackbauer"]
[WhiteElo "1770"]
[BlackElo "1870"]
[Result "0-1"]
[Round "1"]
1.d4 d5
2.Bc1f4 Nb8c6
3.e3 a6
4.Ng1f3 h6
5.Nb1d2 Ng8f6
6.Bf1d3 e6
7.O-O Bf8e7
 { time }
0-1

[Event "Tourn. n8794"]
[Site "www.chess-mail.com"]
[Date "2016.07.18"]
[Round "1"]
[White "Avg"]
[Black "Gegonz"]
[WhiteElo "1840"]
[BlackElo "1660"]
[Result "0-1"]
[Round "1"]
1.f4 c5
2.e4 d6
3.Ng1f3 Nb8c6
4.Bf1c4 Ng8f6
5.Nb1c3 e6
6.O-O Bf8e7
7.d4 cxd4
8.Nf3xd4 Qd8b6
9.Bc1e3 Qb6xb2
10.Nc3b5 Qb2b4
 { time }
0-1

[Event "Tourn. n8858"]
[Site "www.chess-mail.com"]
[Date "2016.07.18"]
[Round "1"]
[White "Huw"]
[Black "Gearoidmac"]
[WhiteElo "2340"]
[BlackElo "2240"]
[Result "0-1"]
[Round "1"]
1.d4 e6
2.c4 d5
3.Ng1f3 Ng8f6
4.Bc1g5 Bf8e7
5.Nb1c3 h6
6.Bg5h4 O-O
7.e3 b6
8.Ra1c1 Bc8b7
9.b3 c5
10.Bf1e2 dxc4
11.Be2xc4 cxd4
12.exd4 Nb8c6
13.O-O Ra8c8
14.Rc1c2 Nc6b4
15.Rc2d2 Nb4d5
16.Nf3e5 Nd5xc3
{ resign }
0-1